|
|
|
|
| LEADER |
01534nam a22003735i 4500 |
| 001 |
36404 |
| 003 |
BD-DhAAL |
| 005 |
20211129113034.0 |
| 008 |
191021t2019 ii a b 001 0 eng d |
| 999 |
|
|
|c 41503
|d 41503
|
| 020 |
|
|
|a 9789353500511
|
| 020 |
|
|
|a 9353500516
|
| 040 |
|
|
|a BD-DhAAL
|
| 082 |
|
|
|a 332.6457
|2 23
|
| 100 |
1 |
|
|a Chance, Don M.
|9 36290
|
| 245 |
1 |
3 |
|a An introduction to derivatives and risk management /
|c Don M. Chance, Robert Brooks, Sanjay Dhamija
|
| 250 |
|
|
|a Tenth edition.
|
| 260 |
|
|
|a Delhi :
|b Cengage Learning,
|c c2019
|
| 300 |
|
|
|a xvii, 610 pages :
|b illustrations ;
|c 26 cm
|
| 504 |
|
|
|a Includes bibliographical references and index.
|
| 526 |
|
|
|a BBS
|
| 541 |
|
|
|a Hye Trade International
|e 36404, 36405
|
| 650 |
|
|
|a Derivative securities.
|9 36291
|
| 650 |
|
|
|a Risk management.
|9 36292
|
| 650 |
|
|
|a Options (Finance).
|9 36293
|
| 650 |
|
|
|a Futures.
|9 36294
|
| 650 |
|
|
|a Business & finance.
|9 43375
|
| 650 |
|
|
|a Futures market.
|9 36295
|
| 700 |
|
|
|a Brooks, Robert
|9 36296
|
| 700 |
|
|
|a Dhamija, Sanjay
|9 36297
|
| 852 |
|
|
|a Ayesha Abed Library
|c General Stacks
|
| 942 |
|
|
|2 ddc
|c BK
|
| 952 |
|
|
|0 0
|1 0
|2 ddc
|4 0
|6 332_645700000000000_CHA
|7 0
|9 66832
|a BRACUL
|b BRACUL
|c GEN
|d 2019-10-17
|e Hye Trade International
|g 888.00
|l 1
|o 332.6457 CHA
|p 3010036405
|r 2025-08-27
|s 2025-08-26
|t 2
|v 888.00
|w 2019-10-17
|y BK
|
| 952 |
|
|
|0 0
|1 0
|2 ddc
|4 0
|6 332_645700000000000_CHA
|7 0
|9 66833
|a BRACUL
|b BRACUL
|c GEN
|d 2019-10-17
|e Hye Trade International
|g 888.00
|l 2
|m 2
|o 332.6457 CHA
|p 3010036404
|r 2025-09-16
|s 2025-09-07
|t 1
|v 888.00
|w 2019-10-17
|y BK
|